00309nam a2200121Ia 4500008004100000040001600041041001200057082001400069100002100083245003300104260003500137300001500172230917s9999||||xx |||||||||||||| ||und|| e30354aMAIN aEnglish aB N315B:N aBrecher, Michael 0aNehru: A political biography aOxfordbUniversity pressc1998 axi, 682 p.